• 首页
  • 本馆介绍
  • 公告通知
  • 最新文献
  • 馆藏检索
  • 电子资源
  • 读者导购
  • 参考咨询
  • 我的图书馆
  • 登录
  • 详细信息显示
  • 放入我的书架
  • 预约/预借图书
  • 作者相关作品
  • 分类相关作品
  • 丛书相关作品
  • 出版社相关作品

书目信息

  • 表格格式
  • 工作单格式
  • 卡片格式
题名:
外国电影剧本丛刊 10
    
 
作者: z
分册:  
出版信息: 北京   中国电影出版社  1982.3
页数: 325页
开本: 20cm
丛书名:
单 册:
中图分类: I13
科图分类:
主题词: 戏剧文学--作品集--世界
电子资源:
ISBN:
000 00524nam0 2200193 45
001 0312221749
005 20031222170958.3
010    @dCNY1.00
100    @a20031222d1982 km y0chiy0120 ea
101    @achi
105    @a z 000yy
200 1  @a外国电影剧本丛刊 10@AWai Guo Dian Ying Ju Ben Cong Kan 10@fz@F
210    @a北京@c中国电影出版社@d1982.3
215    @a325页@d20cm
606 0  @a戏剧文学@x作品集@x世界
690    @aI13@v3
701 0  @az
801    @aCN@bTSTCL@c20031222
905    @a213230@dI13@e14:10@b105457-458@f2
    
    外国电影剧本丛刊 10/z.-北京:中国电影出版社,1982.3
    325页;20cm
    
    
    ISBN :CNY1.00
    
●
相关链接 在E读中查询图书 在五车中查询图书 在当当中查询图书 在豆瓣中查询图书


正题名:外国电影剧本丛刊 10     索取号:I13/14:10         预约/预借

序号 登录号 条形码 馆藏地/架位号 状态 备注
1 0105457   000052383   第二借阅区/ [索取号:I13/14:10] 在馆    
2 0105458   000052374   第一样本阅览室/ [索取号:I13/14:10] 在馆    
唐山师范学院图书馆 欢迎您!
大连网信软件有限公司© 版权所有